ბათუმის შოთა რუსთაველის სახელმწიფო უნივერსიტეტის ბიბლიოთეკა

Информатика : (ბიბ.ჩანაწერი № 50484)

000 -LEADER
fixed length control field 01382nam a2200241Ia 4500
001 - CONTROL NUMBER
control field 17432
003 - CONTROL NUMBER IDENTIFIER
control field GE_BSU
005 - DATE AND TIME OF LATEST TRANSACTION
control field 20200213135924.0
008 - FIXED-LENGTH DATA ELEMENTS--GENERAL INFORMATION
fixed length control field 181216s2012ru xx |||||||||||||| ||rus||
020 ## - INTERNATIONAL STANDARD BOOK NUMBER
International Standard Book Number 978-5-86547-651-1
040 ## - CATALOGING SOURCE
Transcribing agency GE_BSU
080 ## - UNIVERSAL DECIMAL CLASSIFICATION NUMBER
Universal Decimal Classification number 811.161.1 В-19
100 ## - MAIN ENTRY--PERSONAL NAME
Personal name Васильева,Т.
9 (RLIN) 7054
245 ## - TITLE STATEMENT
Title Информатика :
Remainder of title Книга для преподавателя : Учебное пособие по языку специальности /
Statement of responsibility, etc. Т. Васильева ; Ред . О.С.Капполь.
264 ## - PRODUCTION, PUBLICATION, DISTRIBUTION, MANUFACTURE, AND COPYRIGHT NOTICE
Place of production, publication, distribution, manufacture Санкт-Петербург :
Name of producer, publisher, distributor, manufacturer Златоуст,
Date of production, publication, distribution, manufacture, or copyright notice 2012.
300 ## - PHYSICAL DESCRIPTION
Extent 72 стр.;
Dimensions 24 см.
440 ## - SERIES STATEMENT/ADDED ENTRY--TITLE
Title Читаем тексты по специальности:Выпуск 12
9 (RLIN) 7055
653 ## - INDEX TERM--UNCONTROLLED
keyword Информатика
653 ## - INDEX TERM--UNCONTROLLED
keyword Книга для преподавателя - обязательный компонент современного учебного пособия, который содержит лингвометодический комментарий к разделам, темам и выполнению заданий; ключи к заданиям творческого характера; аудиолекции в письменной форме
653 ## - INDEX TERM--UNCONTROLLED
keyword რუსული ენა
700 ## - ADDED ENTRY--PERSONAL NAME
Personal name Капполь, О.С
Relator term რედაქტორი
9 (RLIN) 7034
942 ## - ADDED ENTRY ELEMENTS (KOHA)
Koha item type წიგნი
Source of classification or shelving scheme
ეგზემპლარები
Withdrawn status Lost status Source of classification or shelving scheme Damaged status Not for loan Permanent Location Current Location Shelving location Date acquired Cost, normal purchase price Full call number Barcode Date last seen Copy number Price effective from Koha item type Public note
          ბათუმის შოთა რუსთაველის სახელმწიფო უნივერსიტეტის მთავარი ბიბლიოთეკა ბათუმის შოთა რუსთაველის სახელმწიფო უნივერსიტეტის მთავარი ბიბლიოთეკა წიგნსაცავი 2018-12-17 30.00 811.161.1 В-19 45578 2018-12-17 45578 2018-12-17 წიგნი 30л.